<?xml version="1.0" encoding="UTF-8"?>
<collection xmlns="http://www.loc.gov/MARC21/slim">
<record>
  <controlfield tag="001">132899</controlfield>
  <controlfield tag="005">20240318114333.0</controlfield>
  <controlfield tag="008">230914k18481860sp ||||| |||| 00| 0 spa d</controlfield>
  <datafield tag="024" ind1="7" ind2=" ">
    <subfield code="a">847716</subfield>
    <subfield code="2">externo</subfield>
  </datafield>
  <datafield tag="024" ind1="7" ind2=" ">
    <subfield code="a">847709</subfield>
    <subfield code="2">externo</subfield>
  </datafield>
  <datafield tag="024" ind1="7" ind2=" ">
    <subfield code="a">847685</subfield>
    <subfield code="2">externo</subfield>
  </datafield>
  <datafield tag="040" ind1=" " ind2=" ">
    <subfield code="a">ES-ZaU</subfield>
  </datafield>
  <datafield tag="100" ind1="1" ind2=" ">
    <subfield code="9">11372</subfield>
    <subfield code="a">Foz, Braulio,</subfield>
    <subfield code="d">1791-1865 </subfield>
  </datafield>
  <datafield tag="245" ind1="1" ind2="0">
    <subfield code="a">Enseñanza y estudio de la lengua griega y latina en los programas de esta y de la literatura latina [manuscrito] / </subfield>
    <subfield code="c">por D. B. F., catedrº, de Litª. clasica griega y latina de la Facultad de Filosofía de esta Universidad</subfield>
  </datafield>
  <datafield tag="260" ind1=" " ind2=" ">
    <subfield code="e">Zaragoza</subfield>
    <subfield code="g">1848-1860</subfield>
  </datafield>
  <datafield tag="300" ind1=" " ind2=" ">
    <subfield code="a">1 carpetilla; </subfield>
    <subfield code="c"> 21 x 15,5 cm</subfield>
  </datafield>
  <datafield tag="336" ind1=" " ind2=" ">
    <subfield code="2">rdacontent</subfield>
    <subfield code="a">Texto</subfield>
    <subfield code="b">txt</subfield>
  </datafield>
  <datafield tag="337" ind1=" " ind2=" ">
    <subfield code="2">rdamedia</subfield>
    <subfield code="a">sin mediación</subfield>
    <subfield code="b">n</subfield>
  </datafield>
  <datafield tag="338" ind1=" " ind2=" ">
    <subfield code="2">rdacarrier</subfield>
    <subfield code="a">volumen</subfield>
    <subfield code="b">nc</subfield>
  </datafield>
  <datafield tag="505" ind1=" " ind2=" ">
    <subfield code="a">Contiene: 1) Programas de las lenguas latina, griega y francesa. Prólogo [manuscrito]; 4 p. ; 21,5 x 14 cm. 2) [Nota manuscrita aconsejando el uso de diccionarios]; 1 h.,15x10.5 cm. 3) Observaciones sobre la enseñanza de la literatura griega... [manuscrito]; 8 p. + 1 h. suelta. Firma autógrafa; 21 x15 cm. 4) Programas de latín y griego para los institutos del distrito universitario de Zaragoza [manuscrito]; 19. p.; 21 x 16 cm. Firma autógrafa 5) Programa de lengua francesa para los institutos del distrito universitario de Zaragoza [manuscrito]; 3 p.; 21 x 15,5 cm. Firma autógrafa 6) Programas de estudios críticos sobre los prosistas griegos y de literatura clásica griega y latina [manuscrito] / por el lic. D. Braulio Foz...; 12 p.: 21 x 15,5 cm. 7) Colección de AA [autores] griegos [manuscrito]; 4 p.; 21 x 15 cm. 8) Griego, Curso de 1848-49 Observaciones. Programas [manuscrito]; 8 p.; 21,5 x 16 cm. </subfield>
  </datafield>
  <datafield tag="510" ind1=" " ind2=" ">
    <subfield code="a">Sin referencias</subfield>
  </datafield>
  <datafield tag="600" ind1="1" ind2="4">
    <subfield code="9">11372</subfield>
    <subfield code="a">Foz, Braulio,</subfield>
    <subfield code="d">1791-1865 </subfield>
    <subfield code="v">Manuscritos</subfield>
  </datafield>
  <datafield tag="610" ind1="2" ind2="4">
    <subfield code="9">1205647</subfield>
    <subfield code="a">Universidad de Zaragoza</subfield>
    <subfield code="b">Biblioteca General</subfield>
    <subfield code="x">Archivos personales</subfield>
  </datafield>
  <datafield tag="650" ind1="0" ind2="4">
    <subfield code="9">930445</subfield>
    <subfield code="a">Lengua griega</subfield>
    <subfield code="x">Estudio y enseñanza</subfield>
    <subfield code="y">S. XIX</subfield>
  </datafield>
  <datafield tag="650" ind1="0" ind2="4">
    <subfield code="9">1100093</subfield>
    <subfield code="a">Lengua latina</subfield>
    <subfield code="x">Estudio y enseñanza</subfield>
    <subfield code="y">S. XIX</subfield>
  </datafield>
  <datafield tag="856" ind1="4" ind2=" ">
    <subfield code="s">134905</subfield>
    <subfield code="u">http://zaguan.unizar.es/record/132899/files/METS_cargaAPBUZ100_FOZ_1_14.xml</subfield>
    <subfield code="y">Fichero METS</subfield>
  </datafield>
  <datafield tag="856" ind1="4" ind2=" ">
    <subfield code="s">8209787</subfield>
    <subfield code="u">http://zaguan.unizar.es/record/132899/files/vAPBUZ100_FOZ_1_14.pdf</subfield>
    <subfield code="y">Texto completo (pdf)</subfield>
  </datafield>
  <datafield tag="856" ind1="4" ind2=" ">
    <subfield code="s">512026</subfield>
    <subfield code="u">http://zaguan.unizar.es/record/132899/files/vAPBUZ100_FOZ_1_14.jpg?subformat=icon</subfield>
    <subfield code="x">icon</subfield>
    <subfield code="y">Texto completo (pdf)</subfield>
  </datafield>
  <datafield tag="980" ind1=" " ind2=" ">
    <subfield code="b">fondos personales</subfield>
  </datafield>
  <datafield tag="998" ind1=" " ind2=" ">
    <subfield code="a">100</subfield>
    <subfield code="c">m</subfield>
    <subfield code="d">s</subfield>
    <subfield code="e">a</subfield>
  </datafield>
  <datafield tag="999" ind1=" " ind2=" ">
    <subfield code="c">847718</subfield>
    <subfield code="d">1852341</subfield>
  </datafield>
  <datafield tag="999" ind1="f" ind2="f">
    <subfield code="i">3067029e-7a53-4eeb-9a49-b7200c32773d</subfield>
  </datafield>
  <datafield tag="952" ind1=" " ind2=" ">
    <subfield code="0">0</subfield>
    <subfield code="1">0</subfield>
    <subfield code="3">cf683bb6-a8eb-4aa8-9af9-55c5d524d364</subfield>
    <subfield code="4">0</subfield>
    <subfield code="6">APBUZ100FOZ114</subfield>
    <subfield code="7">0</subfield>
    <subfield code="9">1326241</subfield>
    <subfield code="a">100</subfield>
    <subfield code="b">-</subfield>
    <subfield code="c">c3f7083c-06cf-46f1-9025-51d1c10266e1</subfield>
    <subfield code="d">2023-09-14</subfield>
    <subfield code="e">d</subfield>
    <subfield code="f">-</subfield>
    <subfield code="l">0</subfield>
    <subfield code="o">APBUZ100-FOZ-1-14</subfield>
    <subfield code="r">2023-09-14</subfield>
    <subfield code="w">2023-09-14</subfield>
    <subfield code="x">Digitalizado-2022</subfield>
    <subfield code="y">a3499d44-1378-4e9e-8120-bbfb237e4404</subfield>
    <subfield code="/">f</subfield>
  </datafield>
  <datafield tag="945" ind1=" " ind2=" ">
    <subfield code="a">APBUZ100-FOZ-1-14   </subfield>
  </datafield>
  <datafield tag="037" ind1=" " ind2=" ">
    <subfield code="a">APBUZ100_FOZ_1_14</subfield>
  </datafield>
  <datafield tag="980" ind1=" " ind2=" ">
    <subfield code="a">FOZ</subfield>
    <subfield code="b">PERSONAL</subfield>
  </datafield>
</record>
</collection>